00321pab a2200121 454500008004000000100001900040245005600059260000900115300000900124362001200133650003900145773001500184180718b1985 xxu||||| |||| 00| 0 eng d aPatel, Harbans aWhy tribal girsl stay awaybA case study in Gujarat c1985 a26-8 a26 Oct. aTribes and Tribal System - Gujarat aMainstream